[Event "Oberliga Sued W 2122"]
[Site "Germany"]
[Date "2022.05.15"]
[Round "3.8"]
[White "Hirschinger, Thomas"]
[Black "Zimmer, Luca"]
[Result "1-0"]
[WhiteElo "2011"]
[BlackElo "1709"]
[PlyCount "81"]
[EventDate "2021.10.24"]
[EventType "team-tourn"]
[EventRounds "9"]
[EventCountry "GER"]
[SourceTitle "EXT 2023"]
[Source "ChessBase"]
[SourceDate "2022.10.05"]
[SourceVersion "1"]
[SourceVersionDate "2022.10.05"]
[SourceQuality "1"]
[WhiteTeam "Landau"]
[BlackTeam "Illingen Turm"]
[WhiteTeamCountry "GER"]
[BlackTeamCountry "GER"]

1. e4 e6 2. d4 d5 3. e5 c5 4. c3 Nc6 5. Be3 Bd7 6. Nf3 Qc7 7. Be2 Be7 8. 0-0 f6 9. exf6 Nxf6 10. h3 0-0 11. Re1 c4 12. Nbd2 b5 13. Bf1 b4 14. Bg5 Nd8 15. Ne5 Bc8 16. Ndf3 Ne4 17. Bxe7 Qxe7 18. Qc2 a5 19. Nxc4 Ba6 20. Ncd2 Nxd2 21. Qxd2 Bxf1 22. Kxf1 Nb7 23. Qe2 Rf6 24. c4 Qd7 25. Ne5 Qd8 26. c5 Qc8 27. Kg1 Nd8 28. Qb5 Ra6 29. Nd7 Rf7 30. Nb6 Qc7 31. Re3 h6 32. Rae1 Re7 33. Qd3 Ra7 34. Qg6 Qc6 35. f4 Rab7 36. f5 exf5 37. Qxf5 Rxe3 38. Rxe3 Rxb6 39. cxb6 Qc1+ 40. Kf2 Qxb2+ 41. Kg3 1-0

[Event "GER Cup Net Final-B U2000"]
[Site "Playchess.com INT"]
[Date "2020.06.06"]
[Round "7"]
[White "Hirschinger, Thomas"]
[Black "Hertel, Marco"]
[Result "0-1"]
[WhiteElo "1960"]
[BlackElo "1822"]
[PlyCount "104"]
[EventDate "2020.06.06"]
[EventType "swiss (blitz)"]
[EventRounds "13"]
[EventCountry "GER"]
[SourceTitle "CBM 197 Extra"]
[Source "ChessBase"]
[SourceDate "2020.09.30"]
[SourceVersion "1"]
[SourceVersionDate "2020.09.30"]
[SourceQuality "1"]

1. d4 Nf6 2. Nf3 e6 3. g3 c5 4. Bg2 cxd4 5. Nxd4 Nc6 6. c4 Bb4+ 7. Nc3 Nxd4 8. Qxd4 0-0 9. 0-0 Qb6 10. Qxb6 axb6 11. Be3 Bxc3 12. bxc3 d6 13. Bxb6 Ra6 14. c5 d5 15. Rfc1 Bd7 16. c4 Bc6 17. a4 Rxa4 18. Rxa4 Bxa4 19. cxd5 Nxd5 20. Bxd5 exd5 21. e3 Bc6 22. f3 Ra8 23. Rc2 f6 24. Kf2 Kf7 25. Re2 f5 26. Bc7 Ke6 27. h3 Ra1 28. g4 Bb5 29. Rd2 g6 30. h4 Rh1 31. Kg3 fxg4 32. fxg4 Rg1+ 33. Kf4 h5 34. gxh5 gxh5 35. Kf3 Rg4 36. Bg3 Rc4 37. Bd6 Rxh4 38. Rg2 Kf5 39. Rg8 Rh3+ 40. Kf2 Ke4 41. Re8+ Kd3 42. Rh8 Bc6 43. Bf4 Rh4 44. Ra8 Kc4 45. Ra5 Rh1 46. Bd6 d4 47. Ra3 d3 48. e4 Bxe4 49. Ke3 Bc6 50. Rxd3 Rh3+ 51. Kf4 Rxd3 52. Kg5 Rd5+ 0-1

[Event "GER Cup Net V2 U2000"]
[Site "Playchess.com INT"]
[Date "2020.05.22"]
[Round "4"]
[White "Hoppe, Frank"]
[Black "Hirschinger, Thomas"]
[Result "0-1"]
[WhiteElo "1878"]
[BlackElo "1997"]
[PlyCount "26"]
[EventDate "2020.05.22"]
[EventType "swiss (blitz)"]
[EventRounds "9"]
[EventCountry "GER"]
[SourceTitle "EXT 2021"]
[Source "ChessBase"]
[SourceDate "2020.10.23"]
[SourceVersion "1"]
[SourceVersionDate "2020.10.23"]
[SourceQuality "1"]

1. e4 d6 2. d4 Nf6 3. Nc3 Nbd7 4. f3 e5 5. d5 Be7 6. Be3 c6 7. dxc6 bxc6 8. Qd2 0-0 9. h4 Rb8 10. b3 Qa5 11. a4 d5 12. exd5 Bb4 13. Nge2 Nxd5 0-1

[Event "GER-ch Net Amateur Gr-A Vor3"]
[Site "Playchess.com INT"]
[Date "2020.04.16"]
[Round "1"]
[White "Hirschinger, Thomas"]
[Black "Schaefer, Marlon"]
[Result "1/2-1/2"]
[WhiteElo "2076"]
[BlackElo "1827"]
[PlyCount "92"]
[EventDate "2020.04.16"]
[EventType "swiss (blitz)"]
[EventRounds "9"]
[EventCountry "GER"]
[SourceTitle "CBM 195 Extra"]
[Source "ChessBase"]
[SourceDate "2020.05.31"]
[SourceVersion "1"]
[SourceVersionDate "2020.05.31"]
[SourceQuality "1"]

1. c4 e5 2. Nc3 Nf6 3. g3 d5 4. cxd5 Nxd5 5. Bg2 Nb6 6. Nf3 Nc6 7. 0-0 Be7 8. a3 0-0 9. b4 Be6 10. Bb2 f6 11. d3 a5 12. b5 Nd4 13. Ne4 Nf5 14. Rc1 a4 15. Nc5 Bxc5 16. Rxc5 Nd7 17. Rc2 Bb3 18. Qc1 Bxc2 19. Qxc2 b6 20. Rc1 Nc5 21. e3 Ra5 22. d4 exd4 23. exd4 Nb3 24. Qxf5 Nxc1 25. Bxc1 Re8 26. h4 Qd6 27. Bd2 Raa8 28. Bb4 Qe6 29. Qf4 Rac8 30. Kh2 Qe2 31. Ng1 Qxb5 32. Bh3 Rcd8 33. Qxc7 Rxd4 34. h5 Qe5 35. Qxb6 Rd1 36. h6 gxh6 37. Qc6 Red8 38. Qc4+ Kg7 39. Qg4+ Qg5 40. Qe2 Qc1 41. Qg4+ Qg5 42. Qe4 Qc1 43. Qe7+ Kg6 44. Qe4+ Kg7 45. Qe7+ Kg6 46. Qe4+ Kg7 1/2-1/2

[Event "GER-ch Net Amateur Gr-A Vor3"]
[Site "Playchess.com INT"]
[Date "2020.04.16"]
[Round "4"]
[White "Hirschinger, Thomas"]
[Black "Schwarz, Frank"]
[Result "0-1"]
[WhiteElo "2081"]
[BlackElo "2002"]
[PlyCount "138"]
[EventDate "2020.04.16"]
[EventType "swiss (blitz)"]
[EventRounds "9"]
[EventCountry "GER"]
[SourceTitle "CBM 195 Extra"]
[Source "ChessBase"]
[SourceDate "2020.05.31"]
[SourceVersion "1"]
[SourceVersionDate "2020.05.31"]
[SourceQuality "1"]

1. Nf3 d5 2. c4 c6 3. d4 Nf6 4. g3 Bf5 5. Bg2 e6 6. 0-0 Be7 7. Nc3 0-0 8. Nd2 h6 9. e4 dxe4 10. Ndxe4 Nbd7 11. b3 Qc7 12. Bf4 Qa5 13. Qe1 Qb6 14. Rd1 Nxe4 15. Nxe4 Nf6 16. Nxf6+ Bxf6 17. Be3 Qa6 18. Qb4 Rfd8 19. a4 Rd7 20. d5 exd5 21. cxd5 Rad8 22. d6 Bd3 23. Rfe1 Rxd6 24. Bf4 Rd4 25. Qc5 Bg6 26. Rxd4 Bxd4 27. Qe7 Qa5 28. Bc7 Bxf2+ 29. Kxf2 Rd2+ 30. Re2 Rxe2+ 31. Kxe2 Qa6+ 32. Kf2 Qd3 33. Qe3 Qc2+ 34. Qe2 Qxb3 35. Bf3 Qxa4 36. Be5 Qa5 37. Bb2 Qc5+ 38. Kg2 a5 39. Qe8+ Kh7 40. Qe2 a4 41. h4 a3 42. Ba1 h5 43. Bxh5 Qxh5 44. Qxh5+ Bxh5 45. Kf2 Bd1 46. Ke3 Bb3 47. Kd4 Bd5 48. Kc5 f6 49. Kb6 Kg6 50. Kxb7 c5+ 51. Kb6 c4 52. Kb5 Kf5 53. Kc5 Be6 54. Kd4 Kg4 55. Kc3 Bf5 56. Kxc4 Kxg3 57. Kb3 Kxh4 58. Kxa3 g5 59. Kb4 Bg4 60. Kc3 f5 61. Kd2 f4 62. Ke1 Kg3 63. Kf1 f3 64. Bd4 Bh3+ 65. Kg1 g4 66. Bf2+ Kf4 67. Kh1 g3 68. Kg1 gxf2+ 69. Kxf2 Bg4 0-1

[Event "GER-ch Net Amateur Gr-A Vor2"]
[Site "Playchess.com INT"]
[Date "2020.04.15"]
[Round "1"]
[White "Bittorf, Uwe"]
[Black "Hirschinger, Thomas"]
[Result "0-1"]
[WhiteElo "1877"]
[BlackElo "2178"]
[PlyCount "94"]
[EventDate "2020.04.15"]
[EventType "swiss (blitz)"]
[EventRounds "9"]
[EventCountry "GER"]
[SourceTitle "CBM 196 Extra"]
[Source "ChessBase"]
[SourceDate "2020.07.31"]
[SourceVersion "1"]
[SourceVersionDate "2020.07.31"]
[SourceQuality "1"]

1. e4 d6 2. Nf3 Nf6 3. Nc3 Nbd7 4. d4 e5 5. Be3 Be7 6. h3 c6 7. Bc4 Qc7 8. Qd2 b5 9. Bd3 0-0 10. 0-0 Re8 11. Rad1 a6 12. Rfe1 Nf8 13. a3 Ng6 14. Ne2 Bf8 15. Ng3 Be6 16. c3 Rad8 17. Qc2 h6 18. Bf1 Bc8 19. Bd3 Bb7 20. Re2 Nf4 21. Red2 Nxd3 22. Rxd3 exd4 23. Nxd4 c5 24. Ndf5 Nxe4 25. Nxe4 Bxe4 26. Ng3 Bg6 27. Qd2 Bxd3 28. Qxd3 d5 29. Qf5 Qd7 30. Qh5 Qe6 31. Nf5 Qg6 32. Qf3 Re5 33. Ng3 Qe6 34. Kh2 g6 35. b4 cxb4 36. axb4 Bg7 37. Bd4 Re1 38. Rxe1 Qxe1 39. Bxg7 Kxg7 40. Qg4 Qe5 41. h4 h5 42. Qf3 d4 43. cxd4 Rxd4 44. Qb7 Rxh4+ 45. Kg1 Rxb4 46. Qxa6 Qe1+ 47. Kh2 Rh4# 0-1

[Event "GER-ch Net Amateur Gr-A Vor2"]
[Site "Playchess.com INT"]
[Date "2020.04.15"]
[Round "8"]
[White "Hirschinger, Thomas"]
[Black "Beesk, Kevin"]
[Result "1-0"]
[WhiteElo "2096"]
[BlackElo "1803"]
[PlyCount "57"]
[EventDate "2020.04.15"]
[EventType "swiss (blitz)"]
[EventRounds "9"]
[EventCountry "GER"]
[SourceTitle "CBM 196 Extra"]
[Source "ChessBase"]
[SourceDate "2020.07.31"]
[SourceVersion "1"]
[SourceVersionDate "2020.07.31"]
[SourceQuality "1"]

1. c4 c5 2. Nf3 Nf6 3. g3 b6 4. Bg2 Bb7 5. 0-0 g6 6. Nc3 Bg7 7. d4 cxd4 8. Qxd4 d6 9. b3 Nbd7 10. Bb2 Rc8 11. Rac1 a6 12. Rfd1 0-0 13. h4 Rc7 14. Na4 Nh5 15. Qd2 b5 16. cxb5 axb5 17. Bxg7 Nxg7 18. Nc3 Ba6 19. Nd5 Rxc1 20. Rxc1 Nc5 21. Nd4 e6 22. Nb4 Qb6 23. Ndc6 Bb7 24. Qxd6 Bxc6 25. Qxc6 Qxc6 26. Nxc6 Nd7 27. e3 Nf5 28. Bf1 Nd6 29. Rd1 1-0

[Event "GER-ch Net Amateur Gr-A Vor2"]
[Site "Playchess.com INT"]
[Date "2020.04.15"]
[Round "6"]
[White "Rausch, Stephan"]
[Black "Hirschinger, Thomas"]
[Result "1-0"]
[WhiteElo "1620"]
[BlackElo "2149"]
[PlyCount "57"]
[EventDate "2020.04.15"]
[EventType "swiss (blitz)"]
[EventRounds "9"]
[EventCountry "GER"]
[SourceTitle "CBM 196 Extra"]
[Source "ChessBase"]
[SourceDate "2020.07.31"]
[SourceVersion "1"]
[SourceVersionDate "2020.07.31"]
[SourceQuality "1"]

1. d4 Nf6 2. Nf3 e6 3. c3 b6 4. Bg5 Be7 5. Nbd2 Bb7 6. e3 c5 7. Bd3 cxd4 8. exd4 0-0 9. 0-0 d6 10. Re1 Nbd7 11. Qe2 Re8 12. Ba6 Qc7 13. Bxb7 Qxb7 14. a4 a6 15. h3 Nf8 16. Nh2 h6 17. Bh4 Ng6 18. Bxf6 Bxf6 19. Qf3 Rab8 20. Ng4 Be7 21. Qxb7 Rxb7 22. g3 Reb8 23. Ne3 b5 24. axb5 axb5 25. Ra6 b4 26. c4 Bf6 27. Nf3 Rc8 28. Rxd6 Rxc4 29. Nxc4 1-0

[Event "Pfalz-ch MT-B 87th"]
[Site "Landau"]
[Date "2018.03.30"]
[Round "8"]
[White "Huschens, Matthias"]
[Black "Hirschinger, Thomas"]
[Result "1/2-1/2"]
[WhiteElo "1946"]
[BlackElo "2021"]
[PlyCount "75"]
[EventDate "2018.03.23"]
[EventType "tourn"]
[EventRounds "9"]
[EventCountry "GER"]
[SourceTitle "EXT 2019"]
[Source "ChessBase"]
[SourceDate "2018.10.10"]
[SourceVersion "1"]
[SourceVersionDate "2018.10.10"]
[SourceQuality "1"]

1. e4 d6 2. d4 Nf6 3. Nc3 Nbd7 4. Nf3 e5 5. g4 h6 6. Rg1 exd4 7. Nxd4 Nc5 8. Bd3 Nxd3+ 9. cxd3 c5 10. Nf5 g6 11. Ne3 Be7 12. f4 Bd7 13. d4 cxd4 14. Qxd4 Qb6 15. Qxb6 axb6 16. e5 dxe5 17. fxe5 Nh7 18. Ned5 Ra5 19. b4 Ra7 20. Nxe7 Kxe7 21. Nd5+ Ke6 22. Nc7+ Ke7 23. Bxh6 Rc8 24. Nd5+ Ke6 25. Nxb6 Rc2 26. Nxd7 Kxd7 27. Rf1 Rxh2 28. Rd1+ Ke7 29. Be3 Raxa2 30. Bc5+ Ke6 31. Rd6+ Kxe5 32. Rd8 Ra1+ 33. Rd1 Rxd1+ 34. Kxd1 f5 35. gxf5 gxf5 36. Re1+ Kd5 37. Re7 b5 38. Rb7 1/2-1/2

[Event "Pfalz-ch MT-B 87th"]
[Site "Landau"]
[Date "2018.03.29"]
[Round "5"]
[White "Hirschinger, Thomas"]
[Black "Huseynov, Ahad"]
[Result "0-1"]
[WhiteElo "2021"]
[BlackElo "2020"]
[PlyCount "90"]
[EventDate "2018.03.23"]
[EventType "tourn"]
[EventRounds "9"]
[EventCountry "GER"]
[SourceTitle "EXT 2019"]
[Source "ChessBase"]
[SourceDate "2018.10.10"]
[SourceVersion "1"]
[SourceVersionDate "2018.10.10"]
[SourceQuality "1"]

1. e4 e5 2. Nf3 Nc6 3. Bb5 a6 4. Ba4 Nf6 5. Qe2 b5 6. Bb3 Be7 7. 0-0 0-0 8. c3 d6 9. Rd1 Na5 10. Bc2 c5 11. d3 Re8 12. Nbd2 Nc6 13. Nf1 Qc7 14. h3 Nd8 15. Nh4 Ne6 16. Nf5 Nf4 17. Nxe7+ Qxe7 18. Qf3 g5 19. Bxf4 gxf4 20. Nh2 Kh8 21. Kh1 Rg8 22. Rg1 Rg6 23. Bb3 Bd7 24. g4 Rag8 25. Rg2 h6 26. Rag1 Nh7 27. Qd1 Ng5 28. h4 Nh3 29. h5 R6g7 30. Rf1 Qh4 31. f3 Be6 32. Qe2 Qe7 33. Rc1 a5 34. c4 b4 35. Ba4 f5 36. exf5 Bxf5 37. Bc6 Be6 38. Be4 Ng5 39. Nf1 Bc8 40. Bd5 Be6 41. Be4 Bf7 42. Bf5 Qf6 43. Rh2 Nxf3 44. Qxf3 Qxf5 45. Ng3 Qe6 0-1

[Event "Pfalz-ch MT-B 86th"]
[Site "Wolfstein"]
[Date "2017.04.14"]
[Round "7"]
[White "Haag, Guenter"]
[Black "Hirschinger, Thomas"]
[Result "1/2-1/2"]
[WhiteElo "1995"]
[BlackElo "2059"]
[PlyCount "21"]
[EventDate "2017.04.07"]
[EventType "tourn"]
[EventRounds "9"]
[EventCountry "GER"]
[SourceTitle "EXT 2018"]
[Source "ChessBase"]
[SourceDate "2017.10.13"]
[SourceVersion "1"]
[SourceVersionDate "2017.10.13"]
[SourceQuality "1"]

1. e4 c6 2. d4 d5 3. Nc3 dxe4 4. Nxe4 Bf5 5. Ng3 Bg6 6. Nh3 e5 7. dxe5 Qa5+ 8. c3 Qxe5+ 9. Qe2 Bd6 10. Bf4 Qxe2+ 11. Bxe2 1/2-1/2

[Event "Pfalz-ch MT-B 86th"]
[Site "Wolfstein"]
[Date "2017.04.08"]
[Round "2"]
[White "Hirschinger, Thomas"]
[Black "Busch, Lorenz"]
[Result "1-0"]
[WhiteElo "2059"]
[BlackElo "2106"]
[PlyCount "51"]
[EventDate "2017.04.07"]
[EventType "tourn"]
[EventRounds "9"]
[EventCountry "GER"]
[SourceTitle "EXT 2018"]
[Source "ChessBase"]
[SourceDate "2017.10.13"]
[SourceVersion "1"]
[SourceVersionDate "2017.10.13"]
[SourceQuality "1"]

1. d4 Nf6 2. g3 c5 3. c3 Qa5 4. Nd2 cxd4 5. cxd4 Nc6 6. Ngf3 Qb4 7. a3 Qa5 8. Bg2 d5 9. 0-0 e6 10. b4 Qc7 11. Bb2 Bd6 12. Rc1 Qe7 13. Nb3 Ne4 14. Ne5 Bd7 15. f3 Nf6 16. e4 Bb8 17. Nc5 dxe4 18. fxe4 Nd8 19. Rxf6 gxf6 20. Nexd7 Bd6 21. Qf3 Bxc5 22. Nxf6+ Kf8 23. Rxc5 b6 24. Rc1 Rb8 25. Qf4 Nc6 26. Qh6# 1-0

[Event "Pfalz-ch MT-B 86th"]
[Site "Wolfstein"]
[Date "2017.04.07"]
[Round "1"]
[White "Roelle, Philipp"]
[Black "Hirschinger, Thomas"]
[Result "1-0"]
[WhiteElo "2067"]
[BlackElo "2059"]
[PlyCount "73"]
[EventDate "2017.04.07"]
[EventType "tourn"]
[EventRounds "9"]
[EventCountry "GER"]
[SourceTitle "EXT 2018"]
[Source "ChessBase"]
[SourceDate "2017.10.13"]
[SourceVersion "1"]
[SourceVersionDate "2017.10.13"]
[SourceQuality "1"]

1. e4 d6 2. Nc3 Nf6 3. f4 Nbd7 4. Nf3 e5 5. Bc4 Be7 6. d3 0-0 7. 0-0 c6 8. fxe5 dxe5 9. a3 Nc5 10. Kh1 Qc7 11. b4 Ne6 12. Ne2 Re8 13. Ng3 Bf8 14. Bb2 Nd8 15. Qd2 Bd6 16. Nh4 Ne6 17. Ngf5 Nf4 18. g3 Ng6 19. Nh6+ gxh6 20. Rxf6 Be6 21. Bxe6 Rxe6 22. Rxe6 fxe6 23. Nxg6 hxg6 24. Qxh6 Qf7 25. Kg2 Rf8 26. Qe3 a5 27. Bc3 Kh7 28. Qe2 Qe7 29. Rf1 axb4 30. axb4 b5 31. Ra1 Rf7 32. Rf1 Rxf1 33. Qxf1 g5 34. Qf3 Kg6 35. Qg4 Qf7 36. h4 Be7 37. Bxe5 1-0

[Event "Zweibruecken PSB-ch MAT2 82nd"]
[Site "Zweibruecken"]
[Date "2013.03.24"]
[Round "3"]
[White "Wintergerst, Johannes"]
[Black "Hirschinger, Thomas"]
[Result "0-1"]
[WhiteElo "2052"]
[BlackElo "2060"]
[PlyCount "80"]
[EventDate "2013.??.??"]
[EventType "tourn"]
[EventRounds "9"]
[EventCountry "GER"]
[SourceTitle "EXT 2014"]
[Source "ChessBase"]
[SourceDate "2013.11.20"]
[SourceVersion "1"]
[SourceVersionDate "2013.11.20"]
[SourceQuality "1"]

1. d4 Nf6 2. c4 e6 3. Nc3 Bb4 4. f3 d5 5. a3 Bxc3+ 6. bxc3 c5 7. cxd5 exd5 8. e3 0-0 9. Ra2 Re8 10. Rf2 Nc6 11. Ne2 Bf5 12. g4 Bg6 13. h4 h5 14. Nf4 cxd4 15. cxd4 hxg4 16. Nxg6 fxg6 17. Bd3 Nxd4 18. Bxg6 Nxf3+ 19. Rxf3 gxf3 20. Qxf3 Qc8 21. Bb2 Qg4 22. Qxg4 Nxg4 23. e4 Rxe4+ 24. Kd2 Re7 25. Bd4 Ne5 26. Bh5 Nc6 27. Bc5 Re5 28. Bg6 d4 29. Rc1 Rae8 30. Bxe8 Rxe8 31. Rg1 Re4 32. Rh1 Kh7 33. Kd3 Rg4 34. Bd6 Nd8 35. Rh2 Nf7 36. Be7 Ne5+ 37. Kc2 d3+ 38. Kc3 Rc4+ 39. Kb3 b5 40. Bb4 Nf3 0-1

[Event "Zweibruecken PSB-ch MAT2 82nd"]
[Site "Zweibruecken"]
[Date "2013.03.23"]
[Round "2"]
[White "Hirschinger, Thomas"]
[Black "Hofmann, Christian"]
[Result "1/2-1/2"]
[WhiteElo "2060"]
[BlackElo "2004"]
[PlyCount "92"]
[EventDate "2013.??.??"]
[EventType "tourn"]
[EventRounds "9"]
[EventCountry "GER"]
[SourceTitle "EXT 2014"]
[Source "ChessBase"]
[SourceDate "2013.11.20"]
[SourceVersion "1"]
[SourceVersionDate "2013.11.20"]
[SourceQuality "1"]

1. d4 Nf6 2. g3 e6 3. Bg2 d5 4. Nf3 Bd6 5. 0-0 Nbd7 6. c4 c6 7. Nc3 0-0 8. Nd2 Re8 9. e4 dxe4 10. Ndxe4 Bf8 11. f4 Nxe4 12. Nxe4 Nf6 13. Nc3 Qc7 14. Qf3 Bd7 15. b3 Rad8 16. Bb2 b6 17. Kh1 c5 18. Ne2 Bc8 19. Rad1 a6 20. Rd3 b5 21. Rc1 Qa7 22. Rcd1 bxc4 23. bxc4 a5 24. h3 Ba6 25. dxc5 Rxd3 26. Qxd3 Qxc5 27. Rc1 Qc7 28. Be5 Qc8 29. Qc2 Bb7 30. Nd4 Bxg2+ 31. Qxg2 Bc5 32. Nb3 a4 33. Nd2 Rd8 34. Bxf6 gxf6 35. Ne4 f5 36. Nxc5 Qxc5 37. Qc2 a3 38. Rd1 Rxd1+ 39. Qxd1 Qxc4 40. Qd8+ Kg7 41. Qg5+ Kf8 42. Qd8+ Kg7 43. Qg5+ Kf8 44. Qd8+ Kg7 45. Qg5+ Kf8 46. Qd8+ Kg7 1/2-1/2

[Event "Zweibruecken PSB-ch MAT2 82nd"]
[Site "Zweibruecken"]
[Date "2013.03.22"]
[Round "1"]
[White "Hirschinger, Thomas"]
[Black "Hellstern, Thomas"]
[Result "1-0"]
[WhiteElo "2060"]
[BlackElo "1760"]
[PlyCount "85"]
[EventDate "2013.??.??"]
[EventType "tourn"]
[EventRounds "9"]
[EventCountry "GER"]
[SourceTitle "EXT 2014"]
[Source "ChessBase"]
[SourceDate "2013.11.20"]
[SourceVersion "1"]
[SourceVersionDate "2013.11.20"]
[SourceQuality "1"]

1. Nf3 c5 2. c4 Nc6 3. d4 cxd4 4. Nxd4 g6 5. Nc3 Bg7 6. e3 Nf6 7. g3 d6 8. Bg2 Bd7 9. 0-0 0-0 10. b3 Qa5 11. Bb2 Rfe8 12. Qd2 Qh5 13. Qd1 Qh6 14. Nxc6 bxc6 15. e4 Ng4 16. h3 Nf6 17. Bc1 Qh5 18. Qxh5 Nxh5 19. Bd2 Bd4 20. Kh2 Ng7 21. Rab1 f5 22. Ne2 Bf6 23. Bc3 Kf7 24. Rfd1 fxe4 25. Bxe4 Rec8 26. Bxf6 Kxf6 27. Nc3 Ne6 28. Bg2 a5 29. a3 Rab8 30. b4 axb4 31. axb4 Nc7 32. Bf1 Rb7 33. Ne4+ Kg7 34. Nc5 dxc5 35. Rxd7 Kf8 36. Re1 Re8 37. b5 cxb5 38. cxb5 e6 39. b6 Rxb6 40. Rxc7 Rb2 41. Kg1 Kg8 42. Bc4 Rf8 43. Rxe6 1-0

[Event "Nuremberg LGA Cup 9th"]
[Site "Nuremberg"]
[Date "2012.09.07"]
[Round "3"]
[White "Hirschinger, Thomas"]
[Black "Hirschmann, Jakob"]
[Result "1/2-1/2"]
[WhiteElo "2083"]
[BlackElo "1897"]
[PlyCount "78"]
[EventDate "2012.09.06"]
[EventType "swiss"]
[EventRounds "7"]
[EventCountry "GER"]
[SourceTitle "CBM 150 Extra"]
[Source "ChessBase"]
[SourceDate "2012.10.19"]
[SourceVersion "1"]
[SourceVersionDate "2012.10.19"]
[SourceQuality "1"]

1. Nf3 Nf6 2. b3 d5 3. Bb2 Bf5 4. g3 Nbd7 5. d4 e6 6. Bg2 h6 7. 0-0 Be7 8. Nbd2 0-0 9. Ne5 c6 10. Nd3 Rc8 11. c4 Re8 12. Rc1 Qa5 13. a3 b5 14. c5 Qc7 15. Nf3 Ne4 16. Nfe5 Nxe5 17. dxe5 a6 18. Bd4 Qa7 19. e3 Ng5 20. Nf4 Rf8 21. f3 f6 22. b4 Qc7 23. h4 fxe5 24. hxg5 Bxg5 25. e4 exf4 26. exf5 e5 27. Bf2 fxg3 28. Bxg3 Be3+ 29. Kh2 Bxc1 30. Qxc1 Rxf5 31. Bh3 Rh5 32. Kg2 Rf8 33. Qe3 Rg5 34. Kh2 Re8 35. f4 Rxg3 36. Qxg3 e4 37. Qg6 Rf8 38. Be6+ Kh8 39. Bf5 Kg8 1/2-1/2

[Event "Oberliga Sued W 1112"]
[Site "Germany"]
[Date "2011.12.11"]
[Round "4"]
[White "Hirschinger, Thomas"]
[Black "Busemann, Stephan"]
[Result "0-1"]
[WhiteElo "2086"]
[BlackElo "2003"]
[PlyCount "98"]
[EventDate "2011.09.25"]
[EventType "team-tourn"]
[EventRounds "9"]
[EventCountry "GER"]
[SourceTitle "EXT 2013"]
[Source "ChessBase"]
[SourceDate "2012.11.22"]
[SourceVersion "1"]
[SourceVersionDate "2012.11.22"]
[SourceQuality "1"]
[WhiteTeam "Landau"]
[BlackTeam "Schwarzenbach"]
[WhiteTeamCountry "GER"]
[BlackTeamCountry "GER"]

1. Nf3 Nf6 2. g3 d5 3. d4 e6 4. Bg2 Be7 5. 0-0 0-0 6. c4 dxc4 7. Ne5 Nbd7 8. Nxc4 c5 9. e3 Rb8 10. Nc3 b5 11. Ne5 Nxe5 12. dxe5 Nd7 13. f4 Qb6 14. Ne4 f5 15. exf6 Nxf6 16. Bd2 Bb7 17. Nxf6+ Bxf6 18. Bxb7 Rxb7 19. Qc2 Rd7 20. Rae1 c4 21. Bc1 Rd3 22. Qg2 Rc8 23. Qe4 Qc6 24. Qxc6 Rxc6 25. Re2 Ra6 26. a3 Rad6 27. Kf2 a5 28. Rc2 Kf7 29. Re1 Rb3 30. Ke2 Ke7 31. Rd1 Rxd1 32. Kxd1 Kd6 33. Rd2+ Kc6 34. e4 Be7 35. Kc2 Rf3 36. Rd4 Rf2+ 37. Rd2 Rf1 38. Rd1 Rf2+ 39. Rd2 Rf3 40. Rd4 Bc5 41. Rd8 b4 42. axb4 axb4 43. Rc8+ Kb5 44. Rb8+ Bb6 45. Bd2 b3+ 46. Kd1 Ka6 47. Bc3 Rd3+ 48. Ke2 Rxc3 49. Rxb6+ Kxb6 0-1

[Event "Leiden Noteboom Memorial 71st"]
[Site "Leiden"]
[Date "2011.03.04"]
[Round "1"]
[White "Gieben, Stijn"]
[Black "Hirschinger, Thomas"]
[Result "0-1"]
[WhiteElo "1897"]
[BlackElo "2111"]
[PlyCount "84"]
[EventDate "2011.03.04"]
[EventType "swiss"]
[EventRounds "6"]
[EventCountry "NED"]
[SourceTitle "CBM 141 Extra"]
[Source "ChessBase"]
[SourceDate "2011.05.03"]
[SourceVersion "1"]
[SourceVersionDate "2011.05.03"]
[SourceQuality "1"]

1. e4 d6 2. d4 Nf6 3. Nc3 Nbd7 4. f4 e5 5. Be3 c6 6. Nf3 Ng4 7. Qd2 Be7 8. 0-0-0 Nxe3 9. Qxe3 Qa5 10. fxe5 dxe5 11. Bc4 exd4 12. Qxd4 0-0 13. e5 Nc5 14. Ne4 Be6 15. Bxe6 Nxe6 16. Qc4 b5 17. Qb3 c5 18. c4 Rab8 19. a3 Rfc8 20. Rd7 Re8 21. Rhd1 Qa6 22. Nd6 Bxd6 23. R1xd6 Qa5 24. Qc2 Nd4 25. Nxd4 Qe1+ 26. Qd1 Qe3+ 27. Qd2 cxd4 28. Qxe3 dxe3 29. c5 b4 30. axb4 Rxb4 31. Rd4 e2 32. Kd2 Rxb2+ 33. Ke1 Rb1+ 34. Kxe2 Rxe5+ 35. Kf3 g6 36. Rxa7 Rxc5 37. Ra3 Rc2 38. h3 Rf1+ 39. Kg3 Rg1 40. Ra7 Rgxg2+ 41. Kh4 Rgf2 42. Kg5 Kg7 0-1

[Event "Nuremberg LGA Cup 6th"]
[Site "Nuremberg"]
[Date "2009.09.06"]
[Round "6"]
[White "Peredy, Ferenc"]
[Black "Hirschinger, Thomas"]
[Result "1/2-1/2"]
[WhiteElo "2277"]
[BlackElo "2087"]
[PlyCount "31"]
[EventDate "2009.09.03"]
[EventType "swiss"]
[EventRounds "7"]
[EventCountry "GER"]
[SourceTitle "CBM 132 Extra"]
[Source "ChessBase"]
[SourceDate "2009.11.03"]
[SourceVersion "1"]
[SourceVersionDate "2009.11.03"]
[SourceQuality "1"]

1. e4 d6 2. d4 Nf6 3. Nc3 Nbd7 4. g4 h6 5. Be3 e5 6. d5 c6 7. f3 Qa5 8. Qd2 Be7 9. Nge2 cxd5 10. Nxd5 Qxd2+ 11. Bxd2 Nxd5 12. exd5 Nf6 13. Nc3 a6 14. a4 e4 15. fxe4 Nxg4 16. Bf4 1/2-1/2